000 00272nam a2200097Ia 4500
008 200302s9999 xx 000 0 und d
100 _aJean Larcher
245 _aOptical and Geometrical Allover Patterns 700 Original Drawings
260 _bDover Publications Inc.,
260 _c1979
999 _c85
_d85